000 00365nam a22001337a 4500
008 250311b |||||||| |||| 00| 0 eng d
020 _a97835273144213
050 _aTP248.13
_b.I53
100 _aSoctaert Wm.
245 _aIndustrial Biotechnology; Sustainable Growth and Economic Success
260 _aWeinheim
_bWiley-VCH
_c2010
300 _aXXI,499P
942 _cBK
999 _c2252
_d2252